[Event "Niedersachsen-ch op C"]
[Site "Verden"]
[Date "2018.01.05"]
[Round "3"]
[White "Fink, Moritz"]
[Black "Brinkers, Daniel"]
[Result "0-1"]
[WhiteElo "1369"]
[BlackElo "1188"]
[PlyCount "92"]
[EventDate "2018.01.04"]
[EventType "swiss"]
[EventRounds "7"]
[EventCountry "GER"]
[SourceTitle "EXT 2022"]
[Source "ChessBase"]
[SourceDate "2021.10.06"]
[SourceVersion "1"]
[SourceVersionDate "2021.10.06"]
[SourceQuality "1"]

1. e4 e5 2. Nf3 Nc6 3. Bc4 Nf6 4. Ng5 d5 5. exd5 Nxd5 6. d3 h6 7. Qf3 hxg5 8. Bxd5 Qf6 9. Qxf6 gxf6 10. Be3 Be6 11. Bxe6 fxe6 12. Nc3 0-0-0 13. 0-0-0 Rd7 14. Ne4 f5 15. Nxg5 f4 16. Bd2 Rg7 17. Nxe6 Rxg2 18. Nxf8 Rxf8 19. f3 Rh8 20. c3 Rgxh2 21. Rxh2 Rxh2 22. d4 exd4 23. cxd4 Nxd4 24. Bxf4 Ne2+ 25. Kb1 Nxf4 26. Rf1 b5 27. a3 a5 28. Ka2 Nd3 29. Kb3 Nxb2 30. f4 Nc4 31. f5 Rh3+ 32. Kc2 Ne3+ 33. Kb2 Nxf1 34. f6 Rf3 35. Kc2 Rxf6 36. Kb2 c5 37. Kb3 Rf3+ 38. Kb2 Rd3 39. Ka2 Kd7 40. Kb2 Kd6 41. Ka2 Kd5 42. Kb2 Kc4 43. Ka2 Rd2+ 44. Kb1 Kb3 45. Kc1 a4 46. Kb1 Rd1# 0-1

[Event "GER-ch U10"]
[Site "Willingen"]
[Date "2017.06.06"]
[Round "5"]
[White "Fink, Moritz"]
[Black "May, Alexander1111"]
[Result "1-0"]
[WhiteElo "1162"]
[BlackElo "1112"]
[PlyCount "145"]
[EventDate "2017.06.04"]
[EventType "swiss"]
[EventRounds "11"]
[EventCountry "GER"]
[SourceTitle "CBM 178 Extra"]
[Source "ChessBase"]
[SourceDate "2017.06.22"]
[SourceVersion "1"]
[SourceVersionDate "2017.06.22"]
[SourceQuality "1"]

1. e4 c5 2. Nc3 a6 3. f4 e6 4. Bc4 b5 5. Be2 Bb7 6. d3 d5 7. exd5 exd5 8. Nf3 Nf6 9. 0-0 Be7 10. d4 Nc6 11. Re1 0-0 12. Bf1 Re8 13. Ne2 Rc8 14. Ng3 cxd4 15. Kh1 Ne4 16. Nxe4 dxe4 17. Rxe4 Bf6 18. Rxe8+ Qxe8 19. Bd3 Qe6 20. Bd2 g6 21. Qe2 Qxe2 22. Bxe2 Re8 23. Bd3 Kg7 24. h3 Bc8 25. Re1 Rd8 26. g4 Bb7 27. Kg2 h6 28. h4 Be7 29. Be4 Rd7 30. Kg3 Bd6 31. c3 dxc3 32. Bxc3+ f6 33. g5 hxg5 34. hxg5 Be7 35. Bxc6 Bxc6 36. Rxe7+ Rxe7 37. gxf6+ Kf7 38. fxe7 Kxe7 39. Ne5 Be4 40. Kf2 Ke6 41. Ke3 Kf5 42. Nxg6 Bb1 43. Ne7+ Ke6 44. Nc6 Bxa2 45. Nb4 Bc4 46. Nxa6 Kf5 47. Be5 Ke6 48. Kd4 Kf5 49. Kc5 Ke6 50. Nc7+ Kf5 51. Nxb5 Bf7 52. Nd6+ Ke6 53. Nxf7 Kxf7 54. b4 Ke7 55. Kc6 Kd8 56. b5 Kc8 57. b6 Kd8 58. b7 Ke7 59. b8Q Ke6 60. f5+ Kxf5 61. Qf8+ Kxe5 62. Qd8 Ke4 63. Qd2 Ke5 64. Qd3 Ke6 65. Qe3+ Kf6 66. Kd6 Kf5 67. Qe5+ Kg6 68. Qf4 Kg7 69. Ke6 Kg8 70. Ke7 Kg7 71. Qg4+ Kh7 72. Kf7 Kh8 73. Qg7# 1-0

[Event "GER-ch U10"]
[Site "Willingen"]
[Date "2017.06.05"]
[Round "3"]
[White "Fuhrmann, Bahne"]
[Black "Fink, Moritz"]
[Result "1-0"]
[WhiteElo "1365"]
[BlackElo "1162"]
[PlyCount "107"]
[EventDate "2017.06.04"]
[EventType "swiss"]
[EventRounds "11"]
[EventCountry "GER"]
[SourceTitle "CBM 178 Extra"]
[Source "ChessBase"]
[SourceDate "2017.06.22"]
[SourceVersion "1"]
[SourceVersionDate "2017.06.22"]
[SourceQuality "1"]

1. e4 e5 2. Nf3 Nc6 3. d4 exd4 4. Nxd4 Bb4+ 5. c3 Bc5 6. Nf5 g6 7. Ne3 d6 8. Bd3 Be6 9. 0-0 Nge7 10. Ng4 Bxg4 11. Qxg4 Ne5 12. Qe2 d5 13. Rd1 Qd6 14. exd5 Nxd3 15. Rxd3 0-0-0 16. b4 Bb6 17. Nd2 Nxd5 18. Nc4 Qc6 19. Nxb6+ Qxb6 20. Qf3 Qe6 21. Bb2 Rhe8 22. h3 Qe4 23. Qxe4 Rxe4 24. Rad1 Re2 25. Bc1 Rc2 26. Bg5 f6 27. Bxf6 Rf8 28. Rxd5 c6 29. Rd8+ Rxd8 30. Rxd8+ Kc7 31. Rh8 Rxa2 32. Rxh7+ Kb6 33. Bd4+ Kb5 34. Rxb7+ Kc4 35. Rxa7 Rxa7 36. Bxa7 Kxc3 37. Bc5 Kd3 38. f3 Kc4 39. Kf2 Kd5 40. Ke3 Ke5 41. f4+ Kf5 42. g4+ Kf6 43. Ke4 Ke6 44. h4 Kf6 45. h5 gxh5 46. gxh5 Kg7 47. f5 Kf7 48. h6 Kg8 49. f6 Kh8 50. f7 Kh7 51. f8Q Kg6 52. Qg7+ Kh5 53. Kf4 Kh4 54. Qg4# 1-0

[Event "GER-ch U10"]
[Site "Willingen"]
[Date "2017.06.04"]
[Round "1"]
[White "Fink, Moritz"]
[Black "Schwartz, Oliver"]
[Result "0-1"]
[WhiteElo "1162"]
[BlackElo "1497"]
[PlyCount "106"]
[EventDate "2017.06.04"]
[EventType "swiss"]
[EventRounds "11"]
[EventCountry "GER"]
[SourceTitle "CBM 178 Extra"]
[Source "ChessBase"]
[SourceDate "2017.06.22"]
[SourceVersion "1"]
[SourceVersionDate "2017.06.22"]
[SourceQuality "1"]

1. e4 c5 2. Nc3 g6 3. Bc4 Bg7 4. d3 Nc6 5. f4 e6 6. Nf3 Nge7 7. 0-0 0-0 8. Qe1 d5 9. Bb3 b6 10. Qh4 Ba6 11. a3 dxe4 12. Nxe4 Nf5 13. Qxd8 Raxd8 14. g4 Nfd4 15. Nxd4 Nxd4 16. g5 Nxb3 17. cxb3 Bxd3 18. Re1 Bxe4 19. Rxe4 Rd1+ 20. Kf2 Rfd8 21. Re1 R8d3 22. Rxd1 Rxd1 23. b4 Bd4+ 24. Kg2 Be3 25. Bxe3 Rxa1 26. bxc5 Ra2 27. cxb6 Rxb2+ 28. Kg3 axb6 29. h4 Kf8 30. Kg4 Rb3 31. Bd4 Ke7 32. Bf6+ Kd7 33. h5 Rxa3 34. hxg6 hxg6 35. Bb2 Ra4 36. Kf3 Kc6 37. Be5 Kd5 38. Ke3 Re4+ 39. Kf3 Rxe5 40. fxe5 Kxe5 41. Kg4 b5 42. Kg3 b4 43. Kf3 b3 44. Ke3 b2 45. Kd2 b1Q 46. Kc3 Qd1 47. Kc4 Qd4+ 48. Kb3 Qc5 49. Kb2 Qc4 50. Kb1 Qe2 51. Kc1 Kd4 52. Kb1 Kc3 53. Ka1 Qb2# 0-1